000 00247nam a22001217a 4500
003 SGT
082 _bSHA
100 _aSHARMA, N.K.
245 _aTEACHING OF HOME SCIENCE
260 _aDELHI
_bKSK PUB.
_c2014
300 _a268
942 _2ddc
_cBK
999 _c19836
_d19836